[Event "Ceriano Laghetto op-B 23rd"]
[Site "Ceriano Laghetto"]
[Date "2014.03.15"]
[Round "2"]
[White "Reforgiato, Antonio"]
[Black "Galli, Agostino"]
[Result "0-1"]
[WhiteElo "1640"]
[BlackElo "1732"]
[PlyCount "82"]
[EventDate "2014.03.14"]
[EventType "swiss"]
[EventRounds "5"]
[EventCountry "ITA"]
[SourceTitle "EXT 2015"]
[Source "ChessBase"]
[SourceDate "2014.11.20"]
[SourceVersion "1"]
[SourceVersionDate "2014.11.20"]
[SourceQuality "1"]

1. d4 Nf6 2. Nf3 e6 3. Bf4 c5 4. c3 Nc6 5. e3 d5 6. Nbd2 Bd6 7. dxc5 Bxc5 8. Be2 Bd6 9. Bg5 h6 10. Bh4 Be7 11. 0-0 0-0 12. Rc1 a6 13. a4 Nd7 14. Bg3 Bf6 15. e4 d4 16. cxd4 Nxd4 17. e5 Nxe2+ 18. Qxe2 Be7 19. Rfd1 Qa5 20. b3 Nb6 21. Nc4 Nxc4 22. Qxc4 b5 23. Qc7 Qxc7 24. Rxc7 Bd8 25. Rcc1 Bb7 26. Nd4 bxa4 27. bxa4 Bd5 28. Nc6 Kh7 29. Nxd8 Rfxd8 30. a5 Bc4 31. h4 Rxd1+ 32. Rxd1 Bd5 33. f4 Rb8 34. Bf2 Rb2 35. Ra1 Kg6 36. g4 h5 37. g5 Kf5 38. Rc1 Kxf4 39. Rf1 Kg4 40. Bd4 Rg2+ 41. Kh1 Kh3 0-1